<The> Sociology of organizations

Salvato in:
Dettagli Bibliografici
Autore principale: Champion, Dean J.
Natura: Libro
Lingua:inglese
Pubblicazione: New York MacGraw-Hill Book Co. 1975
Tags: Aggiungi Tag
Nessun Tag, puoi essere il primo ad aggiungerne!!

MARC

LEADER 00000nam a2200000 4500
001 c109412
005 20041019155143.9
041 0 |a eng 
044 |a US 
245 1 0 |a <The> Sociology of organizations  |c Dean J. Champion 
264 1 |a New York  |b MacGraw-Hill Book Co.  |c 1975 
300 |a 441 s. 
100 1 |a Champion, Dean J.